000 01022nam0a2200301 4500
001 RU\NLR\bibl\947731
005 20250614200404.0
010 _a5-17-035725-7
_bАСТ
010 _a5-9713-1741-5
_bАСТ Москва
010 _a5-9578-3727-X
_bТранзиткнига
_92000
021 _aRU
_b2006-23242
_91155
035 _a(NLR Aleph) 000935859
090 _a188897
_c188897
100 _a20060512d2006 |||y0rusy50 ca
101 1 _arus
_ceng
102 _aRU
105 _ay |||||||||
200 1 _aВзрывоопасные сестрички
_eроман
_fДжейн Хеллер
_g[пер. с англ. О.Г. Косовой]
210 _aМосква
_cАСТ [и др.]
_d2006
215 _a349,[1] с.
_d17
225 1 _aКлассическая и современная проза
686 _aШ6(7США)67-440.4{Лх1979-50}
700 1 _aХеллер
_bД.
_gДжейн
_4070
801 0 _aRU
_bNLR
_c20060512
_grcr
801 1 _aRU
_bNLR
_c20060512
942 _cBOOK
980 _aNB